Szczegóły MARC21

Człowiek, obywatel, pracownik : studia z zakresu prawa : księga jubileuszowa poświęcona profesor Urszuli Jackowiak /

003 -Nazwa inst., której nr kontr. jest w polu 001 [,]
    • @
    • Nazwa instytucji, której n kontrolny jest w polu 001
    • NUKAT
005 -DATA I CZAS OSTATNIEJ MODYFIKACJI [,]
    • @
    • pole kontrolne
    • 20241231103816.0
040 -Instytucja sporządzająca opis [ , ]
    • a
    • Instytucja, która sporządziła opis (NP)
    • SZCZ M/KB
    • c
    • Instytucja, która sporządziła rekord (NP)
    • SZCZ M/KB
041 -Język dokumentu [0, ]
    • a
    • Język tekstu (P)
    • polski
    • a
    • Język tekstu (P)
    • niemiecki
942 -Rodzaj dokumentu [ , ]
    • c
    • Rodzaj dokumentu
    • Książka
245 -Strefa tytułu i oznaczenia odpowiedzialności [0,0]
    • a
    • Tytuł
    • Człowiek, obywatel, pracownik : Find
    • b
    • Ciąg dalszy tytułu (NP)
    • studia z zakresu prawa : księga jubileuszowa poświęcona profesor Urszuli Jackowiak / Find
    • c
    • Pozostałe elementy strefy tytułu i oznaczenia odpowiedzialności (NP)
    • pod red. Jakuba Steliny i Aliny Wypych-Żywickiej.
260 -Strefa adresu wydawniczego [ , ]
    • a
    • Miejsce wydania (P)
    • Gdańsk ;
    • a
    • Miejsce wydania (P)
    • Sopot :
    • b
    • Nazwa wydawcy (P)
    • Wydawnictwo Uniwersytetu Gdańskiego,
    • c
    • Data wydania (P)
    • cop. 2007.
300 -Strefa opisu fizycznego [ , ]
    • a
    • Określenie formy książki i/lub objętość (NP)
    • 637 s. :
    • b
    • Oznaczenie ilustracji (NP)
    • il. kolor. ;
    • c
    • Format (NP)
    • 24 cm.
336 -Typ zawartości [ , ]
    • a
    • Termin opisujący typ zawartości
    • Tekst
    • b
    • Kod określający zawartość
    • txt
    • 2
    • Źródło (terminu i kodu)
    • rdacontent
337 -Typ mediów [ , ]
    • a
    • Tryb odtwarzania
    • Bez urządzenia pośredniczącego
    • b
    • Kod typu mediów
    • n
    • 2
    • Źródło (terminu i kodu)
    • rdamedia
338 -Typ/rodzaj nośnika [ , ]
    • a
    • Hasło opisujące typ nośnika
    • Wolumin
    • b
    • Kod typu nośnika
    • nc
    • 2
    • Źródło (terminu i kodu)
    • rdacarrier
490 -Strefa serii i książki wielotomowej - forma nie do wyszukiwania [1, ]
    • a
    • Tytuł (P)
    • Gdańskie Studia Prawnicze, Find
    • x
    • ISSN (NP)
    • 1734-5669 ;
    • v
    • Numeracja (P)
    • t. 17
830 -Hasło dodatkowe serii i opisu książki wielotomowej - tytuł ujednolicony/tytuł [ ,0]
    • a
    • Tytuł ujednolicony/tytuł (NP)
    • Gdańskie Studia Prawnicze
    • x
    • ISSN
    • 1734-5669
    • v
    • Oznaczenie tomu (NP)
    • t. 17
    • 9
    • KHW
    • 107
504 -Uwaga dot. bibliogr. załącznikowej [ , ]
    • a
    • Uwaga dot. bibliografii załącznikowej
    • Bibliogr. s. 488-490 oraz w przyp.
546 -Uwaga dot. języka [ , ]
    • a
    • Uwaga dot. języka
    • Tekst częśc. niem.
080 -Uniwersalna Klasyfikacja Dziesiętna [ , ]
    • 2
    • Identyfikator wydania tablic
    • UDC-P058
    • a
    • Symbol klasyfikacji
    • 349.2
    • b
    • Dopowiedzenie
    • Prawo pracy.
    • x
    • Poddział wspólny
    • (082.1)
    • b
    • Dopowiedzenie
    • (Zbiory prac różnych autorów. Księgi pamiątkowe).
080 -Uniwersalna Klasyfikacja Dziesiętna [ , ]
    • 2
    • Identyfikator wydania tablic
    • UDC-P058
    • a
    • Symbol klasyfikacji
    • 342.97/.98
    • b
    • Dopowiedzenie
    • Prawo organizacyjne administracji. Prawo urzędnicze.
    • x
    • Poddział wspólny
    • (082.1)
    • b
    • Dopowiedzenie
    • (Zbiory prac różnych autorów. Księgi pamiątkowe).
080 -Uniwersalna Klasyfikacja Dziesiętna [ , ]
    • 2
    • Identyfikator wydania tablic
    • UDC-P058
    • a
    • Symbol klasyfikacji
    • 349.3
    • b
    • Dopowiedzenie
    • Prawo socjalne.
    • x
    • Poddział wspólny
    • (082.1)
    • b
    • Dopowiedzenie
    • (Zbiory prac różnych autorów. Księgi pamiątkowe).
980 -Symbol UKD [ , ]
    • a
    • UKD
    • 349.2+342.97/.98+349.3](082.1)
700 -Hasło dodatkowe - nazwa osobowa [1, ]
    • a
    • Nazwa osobowa (NP)
    • Stelina, Jakub Find
    • d
    • Daty biograficzne (NP)
    • (1969- ).
    • e
    • Określenie rodzaju współpracy
    • Red.
    • 9
    • KHW
    • 109
700 -Hasło dodatkowe - nazwa osobowa [1, ]
    • a
    • Nazwa osobowa (NP)
    • Wypych-Żywicka, Alina Find
    • d
    • Daty biograficzne (NP)
    • (1957- ).
    • e
    • Określenie rodzaju współpracy
    • Red.
    • 9
    • KHW
    • 44622
710 -Hasło dodatkowe - nazwa ciała zbiorowego [2, ]
    • a
    • Nazwa ciała zbiorowego lub nazwa geograficzna jako pierwszy element (NP)
    • Uniwersytet Gdański.
    • b
    • Nazwa jednostki podrzędnej (P)
    • Wydawnictwo.
    • 4
    • Kod relacji
    • pbl
    • 9
    • KHW
    • 53330
931 -Powiązanie tyt. z wydaw. ciągłym [ , ]
    • a
    • Powiązanie tytułówki z wydaw. ciągłym
    • PATRZ WYDAWNICTWO CIĄGŁE
    • z
    • Numer rek. powiązanego
    • 120053